000 00504nam a22001937a 4500
003 MPLRDC
005 20220104183158.0
008 210129b ||||| |||| 00| 0 eng d
020 _a986-212-051-4
082 _a859.4 THZL v.3
100 _a诚美堂图文工作室编绘
245 _a机智的故事
_c
250 _a初版
260 _a台湾
_b上人文化事业股份有限公司
_c2008
300 _b
490 _a童话之旅
650 _a青少年教育
942 _cBK
_o859.4 THZL v.3
999 _c62287
_d62277